Select the National Capital Cities - Statistics

General Stats
  • This quiz has been taken 94 times
  • The average score is 15 of 16
Answer Stats
Question Tile Select % Correct
National Capital Cities New York No
100%
National Capital Cities Mumbai No
99%
National Capital Cities Rio De Janeiro No
99%
National Capital Cities Shanghai No
99%
National Capital Cities Toronto No
99%
National Capital Cities Istanbul No
98%
National Capital Cities Sydney No
98%
National Capital Cities London Yes
96%
National Capital Cities Paris Yes
96%
National Capital Cities Rome Yes
96%
National Capital Cities Seoul Yes
96%
National Capital Cities Tokyo Yes
96%
National Capital Cities Beijing Yes
95%
National Capital Cities Mexico City Yes
95%
National Capital Cities Auckland No
91%
National Capital Cities Lagos No
89%
No matching quizzes found
Score Distribution
Percent of People with Each Score
Percentile by Number Answered
Your Score History
You have not taken this quiz